Statistics for Kid Movies by Synonyms

Click here to take the quiz!

General Stats

  • This quiz has been taken 33 times
  • The average score is 17 of 24

Answer Stats

SynonymMovie Title% Correct
AutomobilesCars
97%
CourageousBrave
90%
IcedFrozen
87%
Poultry RaceChicken Run
83%
Sweetie, I Reduced the ChildrenHoney, I Shrunk the Kids
83%
The Supervisor InfantThe Boss Baby
83%
The Bad Dream Prior to YuleThe Nightmare Before Christmas
83%
Overcast with a Possibility of Beef SpheresCloudy with a Chance of Meatballs
80%
Chuck and the Cocoa PlantCharlie and the Chocolate Factory
77%
Jim and the Enormous Coral Colored FruitJames and the Giant Peach
77%
The Small FishgirlThe Little Mermaid
77%
Phantom DestroyersGhostbusters
70%
Abode SolitaryHome Alone
70%
The Bigcat RoyaltyThe Lion King
70%
It's a Terrific ExistenceIt's a Wonderful Life
67%
MazeLabyrinth
67%
The Final Horned HorseThe Last Unicorn
67%
Creatures CollegeMonsters University
63%
Fabulous Sir VulpineFantastic Mr. Fox
60%
The Terrain Prior to ClocksThe Land Before Time
60%
Stomp of the Antarctic BirdsMarch of the Penguins
50%
William and Theodore's Amazing JourneyBill and Ted's Excellent Adventure
47%
The Steely ColossusThe Iron Giant
43%
The Tiny Mischief MakersThe Little Rascals
27%

Score Distribution

Percentile by Number Answered

Percent of People with Each Score

Your Score History

You have not taken this quiz